Word Ladder: Helvetica Quiz Stats

 Plays Quiz Updated Apr 22, 2012

Support Sporcle.
Go Orange.
Score 0/17 Timer 03:00
0 Plays Today
Clue 4-Letter Word % Correct
Superman wears oneCAPE
98.6%
Bus moneyFARE
96.9%
Sticky strip of plastic adhesiveTAPE
96.6%
Show concern or interestCARE
96.4%
Femur or tibiaBONE
95.4%
007BOND
95.4%
Golf warningFORE
94.7%
SingleLONE
91.1%
Defensive structureFORT
91.1%
Clue 4-Letter Word % Correct
Narrow roadLANE
88.6%
LovingFOND
86.7%
The digital file of Helvetica■FONT■
86.3%
What a doily is made out ofLACE
81.1%
Thick Helvetica■BOLD■
78.8%
Tree trunkBOLE
74.8%
With [last rung], Helvetica is one■TYPE■
67.4%
With [first rung], Helvetica is one■FACE■
58.9%

Today's Daily Dose

From the Vault

Premier League Man United's Top Scorers

by keener

Sports 8m
With an estimated value of more than the GDP of about 25 or so nations of the world, Manchester United may as well print their own currency.
Remove Ads.
Support Sporcle.
Get the best of Sporcle when you Go Orange. This ad-free experience offers more features, more stats, and more fun while also helping to support Sporcle. Thank you for becoming a member.

Show Comments

Extras

Top Quizzes Today


Score Distribution

Your Account Isn't Verified!

In order to create a playlist on Sporcle, you need to verify the email address you used during registration. Go to your Sporcle Settings to finish the process.

Report this User

Report this user for behavior that violates our Community Guidelines.

Details: